Statistiques concernant les meilleurs cyclistes français

Cliquez ici pour prendre le quiz!

Statistiques générales

  • Ce quiz a été pris 64 fois
  • Le résultat moyen est 17 sur 28

Statistiques - réponses

HintRéponse% Correct
Team jumbo vismalaporte
96%
Team DSMbardet
93%
Groupama FDJPinot
93%
Soudal quick stepalaphilippe
91%
Groupama FDJgaudu
91%
Arkea samsicbarguil
85%
Groupama FDJmadouas
85%
Cofidismartin
85%
Soudal quick stepcavagna
74%
Ineos grenadierssivakov
72%
Arkea samsicdemare
69%
Lidl trekgallopin
69%
AG2R citroen teamcosnefroy
67%
Cofidislafay
61%
Soudal quick stepsénéchal
61%
Lidl trekelissonde
56%
Lidl trekbernard
54%
Total energieslatour
54%
Cofidiscoquard
50%
Inter marche circus wantycalmejane
44%
Total energiesturgis
44%
AG2R citroen teamparet peintre
43%
Arkea samsicbouhanni
41%
Arkea samsicchampoussin
31%
Groupama FDJmolard
31%
Arkea samsicvauquelin
30%
Cofidisthomas
20%
Total energiesvuillermoz
19%

Distribution des résultats

Percentile par nombre de réponses

% des personnes avec chaque résultat

Votre développement - résultats

Vous n’avez pas pris ce quiz